| 000 | 00851nam a22002657a 4500 | ||
|---|---|---|---|
| 001 | 7197 | ||
| 003 | FISKH | ||
| 005 | 20250702102043.0 | ||
| 008 | 250702b cb ||||| |||| 00| 0 eng d | ||
| 020 | _a9781740898331 | ||
| 040 |
_aFISKH _beng _cFISKH _dFISKH |
||
| 050 | _aPZ7 | ||
| 082 | _a595.7 | ||
| 100 | _aCoupe, Robert | ||
| 245 |
_aInsect world : _bTopreaders / _cRobert Coupe |
||
| 260 |
_aSydney : _bWeldon Owen, _c2008. |
||
| 300 |
_a32 pages : _bcolor illustrations ; _c23 cm |
||
| 505 | _aG | ||
| 520 | _a"Insects may be tiny, but there are more insects on Earth than any other kind of animal. They can also survive in places that no other animal can"--P. [4] of cover. | ||
| 521 | 8 |
_a340
_bLexile estimate |
|
| 521 | 8 |
_aG
_bRaz-Plus |
|
| 650 |
_aInsects _vNon-fiction _xScience |
||
| 942 |
_2ddc _cBK _n0 |
||
| 999 |
_c7197 _d7197 |
||